[Event "World-chT Rapid"]
[Site "Dusseldorf"]
[Date "2023.08.28"]
[Round "10"]
[White "Rache, Ralf"]
[Black "Holoubek, Jonas"]
[Result "0-1"]
[WhiteElo "1914"]
[BlackElo "1570"]
[PlyCount "58"]
[EventDate "2023.08.26"]
[EventType "team-swiss (rapid)"]
[EventRounds "12"]
[EventCountry "GER"]
[SourceTitle "CBM 215 Extra"]
[Source "ChessBase"]
[SourceDate "2023.09.30"]
[SourceVersion "1"]
[SourceVersionDate "2023.09.30"]
[SourceQuality "1"]
[WhiteTeam "Aachen"]
[BlackTeam "Bayreuth Unischach"]
[WhiteTeamCountry "GER"]
[BlackTeamCountry "GER"]

1. e4 d5 2. exd5 Nf6 3. d4 Nxd5 4. c4 Nb4 5. Be3 Bf5 6. Na3 e5 7. Nf3 e4 8. Ne5 f6 9. Qa4+ c6 10. c5 a5 11. Nec4 Nd5 12. Nc2 Nd7 13. Be2 Be7 14. Bd2 0-0 15. N2e3 Nxe3 16. Nxe3 Bg6 17. Qb3+ Kh8 18. Qxb7 Rb8 19. Qxc6 Rxb2 20. Bc3 Rb8 21. 0-0 f5 22. Rab1 Rc8 23. Qa4 f4 24. Nd5 Nxc5 25. dxc5 Qxd5 26. Rfc1 f3 27. Bc4 Qg5 28. g3 Rb8 29. Rxb8 Qxc1+ 0-1

[Event "GER-ch Seniors 65 34th"]
[Site "Magdeburg"]
[Date "2022.08.19"]
[Round "8"]
[White "Rache, Ralf"]
[Black "Kahe, Ralph"]
[Result "1/2-1/2"]
[WhiteElo "1935"]
[BlackElo "2115"]
[PlyCount "141"]
[EventDate "2022.08.12"]
[EventType "swiss"]
[EventRounds "9"]
[EventCountry "GER"]
[SourceTitle "CBM 209 Extra"]
[Source "ChessBase"]
[SourceDate "2022.09.30"]
[SourceVersion "1"]
[SourceVersionDate "2022.09.30"]
[SourceQuality "1"]

1. e4 c6 2. d4 d5 3. Nc3 dxe4 4. Nxe4 Bf5 5. Ng3 Bg6 6. h4 h6 7. Nf3 Nd7 8. h5 Bh7 9. Bd3 Bxd3 10. Qxd3 e6 11. Bd2 Ngf6 12. Ne4 Nxe4 13. Qxe4 Bd6 14. Ne5 f5 15. Qe2 Nxe5 16. dxe5 Bc7 17. f4 Qd4 18. 0-0-0 0-0-0 19. Rh3 Bb6 20. Rd3 Qc5 21. Be3 Qb4 22. Rxd8+ Rxd8 23. Rxd8+ Bxd8 24. Qd2 Qe7 25. g3 a6 26. Qd4 Qf7 27. Qd6 Be7 28. Qd1 g6 29. hxg6 Qxg6 30. Qf3 h5 31. c3 Kd7 32. Bb6 Qg4 33. Qd3+ Ke8 34. Qd1 Qh3 35. Bf2 Kf7 36. a3 Qh2 37. Qg1 Qxg1+ 38. Bxg1 h4 39. gxh4 Bxh4 40. Kd2 Kg6 41. Ke3 Kh5 42. Kf3 Be1 43. c4 b5 44. cxb5 cxb5 45. b3 Kh4 46. a4 Kh3 47. Be3 Kh2 48. Bd4 Kh3 49. Be3 Kh4 50. Bc5 bxa4 51. bxa4 Bd2 52. Be7+ Kh5 53. Bg5 Bc1 54. Be7 Kg6 55. Bg5 Kf7 56. Ke2 Ke8 57. Kd3 Kd7 58. Kc4 Kc6 59. Kb4 Bd2+ 60. Kc4 Ba5 61. Bh4 Bb6 62. Bg5 Bc5 63. Bf6 Bf8 64. Bg5 Kd7 65. Bh4 Bh6 66. Bg3 Bf8 67. Bf2 Kc6 68. Be3 Be7 69. Bf2 Bd8 70. Be3 Ba5 71. Bc1 1/2-1/2

[Event "Mittelrhein Regionalliga 1920"]
[Site "Mittelrhein"]
[Date "2019.09.29"]
[Round "1.8"]
[White "Morschel, Steffen"]
[Black "Rache, Ralf"]
[Result "1/2-1/2"]
[WhiteElo "1700"]
[BlackElo "1804"]
[PlyCount "43"]
[EventDate "2019.09.29"]
[EventType "team-tourn"]
[EventRounds "9"]
[EventCountry "GER"]
[SourceTitle "EXT 2023"]
[Source "ChessBase"]
[SourceDate "2022.10.05"]
[SourceVersion "1"]
[SourceVersionDate "2022.10.05"]
[SourceQuality "1"]
[WhiteTeam "Horrem"]
[BlackTeam "Aachen SV II"]
[WhiteTeamCountry "GER"]
[BlackTeamCountry "GER"]

1. c4 Nf6 2. Nc3 d5 3. cxd5 Nxd5 4. Nf3 g6 5. Qb3 Nb6 6. Ng5 e6 7. d3 Bg7 8. g3 Nc6 9. Nf3 0-0 10. Bg2 h6 11. Be3 e5 12. Bc5 Re8 13. 0-0 Be6 14. Qc2 Nd4 15. Nxd4 exd4 16. Nb5 a6 17. Bxb6 cxb6 18. Nc7 Rc8 19. Nxe6 Rxc2 20. Nxd8 Rxd8 21. Bxb7 Rxb2 22. Bxa6 1/2-1/2

[Event "Mittelrhein Regionalliga 18/19"]
[Site "Nordrheinwestfalen"]
[Date "2019.05.05"]
[Round "10.7"]
[White "Wagner, Rainer"]
[Black "Rache, Ralf"]
[Result "1/2-1/2"]
[WhiteElo "1980"]
[BlackElo "1774"]
[PlyCount "135"]
[EventDate "2018.10.28"]
[EventType "team-tourn"]
[EventRounds "11"]
[EventCountry "GER"]
[SourceTitle "EXT 2022"]
[Source "ChessBase"]
[SourceDate "2021.10.06"]
[SourceVersion "1"]
[SourceVersionDate "2021.10.06"]
[SourceQuality "1"]
[WhiteTeam "Bonn Stadtverwaltung"]
[BlackTeam "Aachen SV II"]
[WhiteTeamCountry "GER"]
[BlackTeamCountry "GER"]

1. d4 Nf6 2. c4 g6 3. f3 d5 4. cxd5 Nxd5 5. e4 Nb6 6. Nc3 Bg7 7. Be3 0-0 8. Qd2 Nc6 9. Rd1 e5 10. d5 Nd4 11. Nb5 Nxb5 12. Bxb5 Bd7 13. Bxd7 Qxd7 14. Bc5 Rfd8 15. Ne2 Nc4 16. Qb4 Nd6 17. Nc3 Bh6 18. 0-0 a5 19. Qb3 b6 20. Bf2 Rf8 21. Rfe1 Kh8 22. Qc2 Rae8 23. Be3 Bxe3+ 24. Rxe3 f5 25. Ne2 Re7 26. Rc1 Rff7 27. Qc6 Qxc6 28. Rxc6 fxe4 29. fxe4 Kg7 30. Ng3 Kf8 31. Rc2 Ke8 32. Rf3 Kd7 33. Rcf2 Ke8 34. Kf1 Kd7 35. Ke2 c6 36. dxc6+ Kxc6 37. b3 Rxf3 38. Rxf3 Nb5 39. Ke3 Kc5 40. Ne2 Kb4 41. Rf6 Kc5 42. a4 Nd6 43. Nc1 Kc6 44. Nd3 Kd7 45. h4 Re6 46. Rf8 Ke7 47. Ra8 h5 48. Ra7+ Kf6 49. g3 g5 50. Ra8 gxh4 51. gxh4 Ne8 52. Nb2 Kg6 53. Nc4 Nf6 54. Rb8 Nd7 55. Rg8+ Kf6 56. Rg5 Nc5 57. Rxh5 Nxb3 58. Rh6+ Kf7 59. Nd6+ Ke7 60. Nc8+ Kf7 61. Rxe6 Kxe6 62. Nxb6 Nc5 63. Kf3 Kf6 64. Nd5+ Kg6 65. Nc3 Kh5 66. Kg3 Ne6 67. Nd5 Nc5 68. Nc3 1/2-1/2

[Event "GER-ch Seniors 65 31st"]
[Site "Radebeul"]
[Date "2019.04.26"]
[Round "1"]
[White "Rache, Ralf"]
[Black "Dresen, Ulrich"]
[Result "1/2-1/2"]
[WhiteElo "1903"]
[BlackElo "2228"]
[PlyCount "157"]
[EventDate "2019.04.26"]
[EventType "swiss"]
[EventRounds "9"]
[EventCountry "GER"]
[SourceTitle "CBM 190 Extra"]
[Source "ChessBase"]
[SourceDate "2019.07.15"]
[SourceVersion "1"]
[SourceVersionDate "2019.07.15"]
[SourceQuality "1"]

1. e4 d6 2. d4 Nf6 3. Nc3 e5 4. dxe5 dxe5 5. Qxd8+ Kxd8 6. Bg5 Be6 7. 0-0-0+ Nbd7 8. f4 exf4 9. Nf3 c6 10. Bxf4 Bb4 11. Ng5 Re8 12. Nxe6+ fxe6 13. Bc4 e5 14. Bg5 Kc7 15. Bh4 b5 16. Bf7 Rf8 17. Be6 Nc5 18. Bb3 Rae8 19. Nb1 Ncxe4 20. c3 Bc5 21. Rde1 Bf2 22. Bxf6 Nxf6 23. Re2 Nd5 24. Nd2 Bh4 25. g3 Bg5 26. Kb1 g6 27. Ne4 Be7 28. Rhe1 Nb6 29. Nd2 Bd6 30. Ne4 Be7 31. Nd2 Bf6 32. Ne4 Nd7 33. Rd1 h6 34. Red2 Re7 35. Rd6 g5 36. Be6 Nb6 37. Rf1 Bg7 38. Rxf8 Bxf8 39. Bb3 Nd7 40. Rd2 a5 41. Rf2 Bg7 42. Rf7 Rxf7 43. Bxf7 Bf8 44. Kc2 Nb6 45. b3 Nd5 46. Kd3 Kb6 47. Be6 Bc5 48. Bf7 Bg1 49. h3 Kc7 50. Be6 Ne7 51. Bg4 Ba7 52. Be6 Kd8 53. Bg4 Nd5 54. Nd6 Bf2 55. Ne4 Bg1 56. Bf3 Ke7 57. Bg4 Bb6 58. Bh5 Bg1 59. Bf3 Bh2 60. Ke2 Bg1 61. Kd3 Nc7 62. Nd2 Kd7 63. Ne4 Nd5 64. Bg4+ Ke7 65. Bf3 b4 66. c4 Nc7 67. Bg4 Bd4 68. Nd2 Ne8 69. Ne4 Ng7 70. Bf3 Bg1 71. Bg2 Nf5 72. g4 Nh4 73. Bh1 c5 74. Ng3 Bh2 75. Ne4 Bg1 76. Ng3 Bf2 77. Ne4 Bd4 78. Ng3 Bf2 79. Ne4 1/2-1/2

[Event "GER-ch Seniors 65"]
[Site "Hamburg"]
[Date "2018.07.28"]
[Round "8"]
[White "Rache, Ralf"]
[Black "Wagner, Richard1111"]
[Result "1-0"]
[WhiteElo "1887"]
[BlackElo "1789"]
[PlyCount "81"]
[EventDate "2018.07.21"]
[EventType "swiss"]
[EventRounds "9"]
[EventCountry "GER"]
[SourceTitle "CBM 186 Extra"]
[Source "ChessBase"]
[SourceDate "2018.08.24"]
[SourceVersion "1"]
[SourceVersionDate "2018.08.24"]
[SourceQuality "1"]

1. e4 c5 2. Nf3 e6 3. d4 cxd4 4. Nxd4 Nc6 5. Nc3 Qc7 6. g3 Nf6 7. Bg2 Nxd4 8. Qxd4 Bc5 9. Qd1 0-0 10. 0-0 a6 11. Bg5 Ne8 12. Na4 f6 13. Bf4 e5 14. Qd5+ Kh8 15. Qxc5 Qxc5 16. Nxc5 exf4 17. gxf4 d6 18. Nd3 Bd7 19. e5 Rb8 20. Rfe1 dxe5 21. fxe5 fxe5 22. Nxe5 Bf5 23. c4 Nf6 24. Rad1 Kg8 25. b4 Rfe8 26. a3 b5 27. c5 Rbd8 28. Rxd8 Rxd8 29. Nc6 Rd3 30. Ne7+ Kf7 31. Nxf5 Rxa3 32. Rc1 Ne8 33. c6 Nc7 34. Ne3 Ke7 35. Rd1 Ke6 36. Kf1 g6 37. Rd7 Ra1+ 38. Ke2 Ne8 39. Bh3+ Kf6 40. Kd2 Rb1 41. c7 1-0

[Event "Mittelrhein Regionalliga 1718"]
[Site "Nordrheinwestfalen"]
[Date "2018.04.15"]
[Round "8.7"]
[White "Rache, Ralf"]
[Black "Koegler, Christof"]
[Result "1/2-1/2"]
[WhiteElo "1825"]
[BlackElo "1984"]
[PlyCount "107"]
[EventDate "2017.09.10"]
[EventType "team-tourn"]
[EventRounds "9"]
[EventCountry "GER"]
[SourceTitle "EXT 2022"]
[Source "ChessBase"]
[SourceDate "2021.10.06"]
[SourceVersion "1"]
[SourceVersionDate "2021.10.06"]
[SourceQuality "1"]
[WhiteTeam "Aachen SV II"]
[BlackTeam "Godesberg II"]
[WhiteTeamCountry "GER"]
[BlackTeamCountry "GER"]

1. e4 c5 2. Nf3 d6 3. d4 cxd4 4. Nxd4 Nf6 5. Nc3 a6 6. Bc4 e6 7. Bb3 Nbd7 8. Be3 Nc5 9. f3 Be7 10. Qd2 Qc7 11. a3 0-0 12. Ba2 Re8 13. 0-0 b5 14. Rac1 Ncd7 15. Qf2 Ne5 16. Qg3 Nc4 17. Bxc4 Qxc4 18. Nde2 Bb7 19. Rfd1 Rad8 20. Rd4 Qc7 21. Bh6 Bf8 22. Bg5 Be7 23. Bh6 g6 24. Be3 e5 25. Rd2 d5 26. exd5 Bxd5 27. Qf2 Qc6 28. Rcd1 Be6 29. Rxd8 Rxd8 30. Rxd8+ Bxd8 31. Ng3 Be7 32. Qd2 Nd7 33. Bg5 f6 34. Be3 Kg7 35. Nge4 Nb6 36. Bxb6 Qxb6+ 37. Kh1 Qc6 38. Nf2 Qc4 39. Qd3 Qc6 40. Qd2 f5 41. Qe3 Bf6 42. Nd3 Qc4 43. Qc5 e4 44. fxe4 Bxc3 45. Qe7+ Bf7 46. bxc3 fxe4 47. Qe5+ Kf8 48. Qc5+ Kg8 49. Qxc4 Bxc4 50. Nc5 e3 51. Kg1 a5 52. Nd3 Bd5 53. Kf1 Kf7 54. g3 1/2-1/2

[Event "Mittelrhein Regionalliga 1718"]
[Site "Nordrheinwestfalen"]
[Date "2017.10.01"]
[Round "2.7"]
[White "Graf, Peter"]
[Black "Rache, Ralf"]
[Result "1-0"]
[WhiteElo "1962"]
[BlackElo "1825"]
[PlyCount "61"]
[EventDate "2017.09.10"]
[EventType "team-tourn"]
[EventRounds "9"]
[EventCountry "GER"]
[SourceTitle "EXT 2022"]
[Source "ChessBase"]
[SourceDate "2021.10.06"]
[SourceVersion "1"]
[SourceVersionDate "2021.10.06"]
[SourceQuality "1"]
[WhiteTeam "Klub Koelner SF II"]
[BlackTeam "Aachen SV II"]
[WhiteTeamCountry "GER"]
[BlackTeamCountry "GER"]

1. e4 c5 2. Nc3 Nc6 3. f4 g6 4. Nf3 Bg7 5. Bb5 Nd4 6. 0-0 Nxb5 7. Nxb5 Nf6 8. d3 0-0 9. Qe1 d6 10. c4 Bd7 11. Nc3 a6 12. Qh4 e6 13. f5 Ne8 14. Bg5 f6 15. fxg6 hxg6 16. Bd2 Nc7 17. Qg3 Be8 18. Nh4 g5 19. Nf3 Qe7 20. h4 gxh4 21. Nxh4 Rd8 22. Rf4 Kh7 23. Ng6 Qf7 24. Nxf8+ Qxf8 25. Kf2 Kg8 26. Rh1 Qf7 27. Rg4 Rd7 28. Qh3 Kf8 29. Rxg7 Kxg7 30. Qh8+ Kg6 31. Rh6# 1-0

[Event "Mittelrhein Regionalliga 16/17"]
[Site "Nordrheinwestfalen"]
[Date "2017.04.09"]
[Round "10.6"]
[White "Rache, Ralf"]
[Black "Wolfradt, Dirk"]
[Result "1/2-1/2"]
[WhiteElo "1811"]
[BlackElo "2006"]
[PlyCount "20"]
[EventDate "2016.09.11"]
[EventType "team-tourn"]
[EventRounds "11"]
[EventCountry "GER"]
[SourceTitle "EXT 2022"]
[Source "ChessBase"]
[SourceDate "2021.10.06"]
[SourceVersion "1"]
[SourceVersionDate "2021.10.06"]
[SourceQuality "1"]
[WhiteTeam "Aachen SV II"]
[BlackTeam "Langenfeld"]
[WhiteTeamCountry "GER"]
[BlackTeamCountry "GER"]

1. e4 Nf6 2. e5 Nd5 3. c4 Nb6 4. c5 Nd5 5. Bc4 e6 6. Nc3 Nxc3 7. dxc3 Nc6 8. Bf4 Bxc5 9. Qg4 Bf8 10. Nf3 b6 1/2-1/2

[Event "GER-chA Seniors 28th"]
[Site "Niederhausen"]
[Date "2016.08.16"]
[Round "4"]
[White "Rache, Ralf"]
[Black "Gerczuk, Michael"]
[Result "0-1"]
[WhiteElo "1868"]
[BlackElo "2115"]
[PlyCount "79"]
[EventDate "2016.08.13"]
[EventType "swiss"]
[EventRounds "9"]
[EventCountry "GER"]
[SourceTitle "EXT 2019"]
[Source "ChessBase"]
[SourceDate "2018.10.10"]
[SourceVersion "1"]
[SourceVersionDate "2018.10.10"]
[SourceQuality "1"]

1. e4 e6 2. d4 d5 3. Nc3 Bb4 4. e5 c5 5. a3 Ba5 6. b4 cxd4 7. Nb5 Bc7 8. Nf3 Nc6 9. Nxc7+ Qxc7 10. Bb5 Nge7 11. 0-0 0-0 12. Bxc6 Nxc6 13. Re1 Bd7 14. Bb2 a6 15. Nxd4 Nxd4 16. Qxd4 Qxc2 17. Rac1 Qa4 18. Rc5 Rac8 19. Rxd5 exd5 20. e6 f6 21. exd7 Qxd7 22. Rd1 Rfe8 23. h3 Rcd8 24. Rd3 Re4 25. Qc3 Qe6 26. Rg3 d4 27. Qc7 Qd7 28. Qc4+ Kf8 29. Qc5+ Qe7 30. Qh5 Kg8 31. Kh2 Re2 32. Bc1 d3 33. Bh6 g6 34. Be3 Rxe3 35. fxe3 d2 36. Qd1 Qe5 37. Qb3+ Kg7 38. Qd1 Rd3 39. h4 Rxe3 40. Qxd2 0-1

[Event "Mittelrhein Verbandsliga-W 15/16"]
[Site "Nordrheinwestfalen"]
[Date "2015.12.13"]
[Round "5.6"]
[White "Degebrodt, Frank"]
[Black "Rache, Ralf"]
[Result "1-0"]
[WhiteElo "1899"]
[BlackElo "1776"]
[PlyCount "57"]
[EventDate "2015.09.06"]
[EventType "team-tourn"]
[EventRounds "11"]
[EventCountry "GER"]
[SourceTitle "EXT 2022"]
[Source "ChessBase"]
[SourceDate "2021.10.06"]
[SourceVersion "1"]
[SourceVersionDate "2021.10.06"]
[SourceQuality "1"]
[WhiteTeam "Kerpen SK"]
[BlackTeam "Aachen SV II"]
[WhiteTeamCountry "GER"]
[BlackTeamCountry "GER"]

1. e4 c5 2. Nf3 e6 3. c4 a6 4. Nc3 Qc7 5. Be2 d6 6. 0-0 Nd7 7. d4 Ngf6 8. Qa4 cxd4 9. Nxd4 Be7 10. Be3 0-0 11. f4 Nc5 12. Qc2 b6 13. f5 Bb7 14. Bf3 Rac8 15. fxe6 fxe6 16. b4 e5 17. Nf5 Ne6 18. Qd2 Rf7 19. Nd5 Nxd5 20. cxd5 Nd4 21. Bxd4 exd4 22. Bg4 Rcf8 23. Nxe7+ Rxe7 24. Be6+ Rff7 25. Rac1 Qd8 26. Rxf7 Rxf7 27. Qf4 Qf6 28. Qxf6 gxf6 29. Rc7 1-0

[Event "Maastricht Limburg op-B 8th"]
[Site "Maastricht"]
[Date "2014.06.08"]
[Round "4"]
[White "Rache, Ralf"]
[Black "Staudte, Rainer"]
[Result "0-1"]
[WhiteElo "1832"]
[BlackElo "1915"]
[PlyCount "60"]
[EventDate "2014.06.06"]
[EventType "swiss"]
[EventRounds "7"]
[EventCountry "NED"]
[SourceTitle "EXT 2015"]
[Source "ChessBase"]
[SourceDate "2014.11.20"]
[SourceVersion "1"]
[SourceVersionDate "2014.11.20"]
[SourceQuality "1"]

1. e4 c5 2. Nf3 Nc6 3. d4 cxd4 4. Nxd4 Nf6 5. Nc3 e5 6. Ndb5 d6 7. Bg5 a6 8. Na3 b5 9. Nd5 Be7 10. Bxf6 Bxf6 11. Nxf6+ Qxf6 12. c3 0-0 13. Nc2 Rb8 14. Be2 Qg6 15. 0-0 Ne7 16. Ne3 Bb7 17. Bf3 Rfd8 18. Nd5 Nxd5 19. exd5 f5 20. a4 Qf7 21. axb5 axb5 22. g3 e4 23. Bg2 Qxd5 24. Qc1 Qc5 25. Qg5 h6 26. Qg6 Rf8 27. Qe6+ Kh7 28. Ra5 Bd5 29. Qd7 Rf7 30. b4 Qb6 0-1

[Event "Norderstedt op"]
[Site "Norderstedt"]
[Date "2013.04.01"]
[Round "8"]
[White "Poghosyan, Tigran"]
[Black "Rache, Ralf"]
[Result "1-0"]
[WhiteElo "1953"]
[BlackElo "1889"]
[PlyCount "93"]
[EventDate "2013.03.28"]
[EventType "swiss"]
[EventRounds "9"]
[EventCountry "GER"]
[SourceTitle "EXT 2015"]
[Source "ChessBase"]
[SourceDate "2014.11.20"]
[SourceVersion "1"]
[SourceVersionDate "2014.11.20"]
[SourceQuality "1"]

1. e4 c5 2. Nf3 Nc6 3. d4 cxd4 4. Nxd4 Nf6 5. Nc3 e5 6. Ndb5 d6 7. Bg5 a6 8. Na3 b5 9. Nd5 Qa5+ 10. Bd2 Qd8 11. Bg5 Qa5+ 12. c3 Nxe4 13. b4 Qxa3 14. Bc1 Qa4 15. Qxa4 bxa4 16. Bd3 Nf6 17. Nc7+ Kd8 18. Nxa8 e4 19. Bc2 Nd7 20. Be3 Bb7 21. Nb6 f5 22. Nxd7 Kxd7 23. Bxa4 Ke6 24. Bb3+ d5 25. 0-0 Ne5 26. Rfd1 Be7 27. a4 Rc8 28. Bd4 g5 29. b5 Nc4 30. Rab1 axb5 31. Bxc4 Rxc4 32. axb5 Bc5 33. Ra1 Bxd4 34. cxd4 Rb4 35. Rdb1 Rxd4 36. Ra7 Bc8 37. b6 Rc4 38. b7 Bxb7 39. Raxb7 d4 40. Kf1 d3 41. Ke1 f4 42. R7b4 Kd5 43. Rxc4 Kxc4 44. Kd2 e3+ 45. fxe3 fxe3+ 46. Kxe3 Kc3 47. Rc1+ 1-0